"Stan" Countries in Turkish - Statistics

General Stats
  • This quiz has been taken 458 times
  • The average score is 12 of 19
Answer Stats
Continent Country % Correct
(border) Kazakistan
85%
Asia Kırgızistan
83%
Asia Özbekistan
82%
Asia Pakistan
82%
Asia Türkmenistan
82%
Asia Tacikistan
79%
Asia Afganistan
78%
Europe Yunanistan (Greece)
77%
Europe Bulgaristan
75%
Asia Ermenistan (Armenia)
67%
Asia Hindistan (India)
67%
Europe Sırbistan (Serbia)
63%
(border) Gürcistan (Georgia)
61%
Europe Macaristan (Hungary)
57%
Europe Hırvatistan (Croatia)
51%
Asia Moğolistan
50%
Asia Suudi Arabistan
40%
Europe, old name Lehistan (Poland)
26%
Africa, old name Habeşistan (Abyssinia)
15%
No matching quizzes found
Score Distribution
Percent of People with Each Score
Percentile by Number Answered
Your Score History
You have not taken this quiz